La intervención en lo social (Registro nro. 4701)

Detalles MARC
000 -CABECERA
Longitud fija campo de control 01201nam a2200289Ia 4500
005 - • FECHA Y HORA DE LA ÚLTIMA TRANSACCIÓN
Fecha y hora de la última transacción 20220317000648.0
008 - • CÓDIGOS DE INFORMACIÓN DE LONGITUD FIJA
Códigos de información de longitud fija 160601s2005 ag g 000 0 spa
020 ## - • NÚMERO INTERNACIONAL NORMALIZADO PARA LIBROS
Número Internacional Normalizado para Libros (ISBN) 9501245144
082 04 - • NÚMERO DE LA CLASIFICACIÓN DECIMAL DEWEY
Número de clasificación (R) 363.613
Número del ítem C17i
040 ## - FUENTE DE LA CATALOGACIÓN
Centro catalogador de origen CO-BoRNBP
Lengua de catalogación spa
Normas de descripción rda
Centro transcriptor CO-BoRNBP
100 1# - • PUNTO DE ACCESO PRINCIPAL-NOMBRE DE PERSONA
Nombre de persona Carballeda, Alfredo J.
245 10 - • TITULO PROPIAMENTE DICHO
Título La intervención en lo social
Resto del título exclusión e integración en los nuevos escenarios sociales
Mención de responsabilidad, etc. Alfredo J. Carballeda
250 ## - • MENCIÓN DE EDICIÓN
Mención de edición 1a. edición
Resto de la mención de edición 2a. reimpresión
264 ## - PRODUCCIÓN, PUBLICACIÓN , DISTRIBUCIÓN, FABRICACIÓN Y COPYRIGHT
Lugar de producción, publicación, distribución, fabricación Buenos Aires
Nombre del productor, editor, distribuidor, fabricante Paidós
Fecha de de producción, publicación, distribución, fabricación o copyright 2005
300 ## - • DESCRIPCIÓN FÍSICA
Extensión 163 páginas
Dimensiones 21 cm
336 ## - TIPO DE CONTENIDO
Término de tipo de contenido texto
Código de tipo de contenido txt
Fuente rdacontent
337 ## - TIPO DE MEDIO
Nombre del tipo de medio sin mediación
Código del tipo de medio n
Fuente rdamedia
338 ## - TIPO DE SOPORTE
Nombre del tipo de soporte volumen
Código del tipo de soporte nc
Fuente rdacarrier
490 ## - • MENCIÓN DE SERIE
Mención de serie Paidos
Nombre de la parte/sección (NR) Tramas sociales
504 ## - • NOTA DE BIBLIOGRAFÍA, ETC
Nota de bibliografía, etc. Incluye bibliografía
505 ## - • NOTA DE CONTENIDO CON FORMATO
Nota de contenido con formato La intervención en lo social: los orígenes y su sentido -- crisis, nuevos escenarios e intervención en lo social -- la intervención en espacios microsociales -- la presentación de las nuevas cuestiones sociales y la intervención en lo social
650 14 - • PUNTO DE ACCESO ADICIONAL DE MATERIA - TÉRMINO DE MATERIA
Fuente del encabezamiento o término LEMB
Término de materia o nombre geográfico como elemento inicial Desarrollo de la comunidad
650 14 - • PUNTO DE ACCESO ADICIONAL DE MATERIA - TÉRMINO DE MATERIA
Fuente del encabezamiento o término LEMB
Término de materia o nombre geográfico como elemento inicial Estado y sociedad
650 14 - • PUNTO DE ACCESO ADICIONAL DE MATERIA - TÉRMINO DE MATERIA
Fuente del encabezamiento o término LEMB
Término de materia o nombre geográfico como elemento inicial Acción social
650 14 - • PUNTO DE ACCESO ADICIONAL DE MATERIA - TÉRMINO DE MATERIA
Fuente del encabezamiento o término LEMB
Término de materia o nombre geográfico como elemento inicial Política social
942 ## - ENTRADA DE ELEMENTOS AGREGADOS (KOHA)
Fuente de clasificaión o esquema Dewey Decimal Classification
Koha [por defecto] tipo de item LIbro
Existencias
Perdido Fuente de clasificación o esquema Estado Físico No para préstamo Forma de adquisición Localización permanente Localización actual Localización en estanterías Fecha adquisición Préstamos totales Signatura completa Código de barras Fecha última consulta Número de copia Fecha del precio de reemplazo Tipo de item de Koha
  Dewey Decimal Classification     Colección General Biblioteca Pública Cumaral - Alvaro Garzon Torres Biblioteca Pública Cumaral - Alvaro Garzon Torres General 06/04/2024   363.613C17I CUM00242 06/04/2024 Ej.1 06/04/2024 LIbro
  Dewey Decimal Classification     Colección General Biblioteca Pública Dorado Biblioteca Pública Dorado General 12/22/2022   363.613 C17i DOR00345 12/22/2022 Ej.1 12/22/2022 LIbro
  Dewey Decimal Classification     Colección General Biblioteca Pública José Eustasio Rivera - San Martin Biblioteca Pública José Eustasio Rivera - San Martin General 06/23/2023   363.613C17i SM0001218 06/23/2023 Ej.1 06/23/2023 LIbro
  Dewey Decimal Classification     Colección General Biblioteca Pública Puerto López - Jorge Eliecer Gaitán Biblioteca Pública Puerto López - Jorge Eliecer Gaitán General 08/27/2025   363.613 C17i PLZ02778 08/27/2025 Ej.1 08/27/2025 LIbro
  Dewey Decimal Classification     Colección General Biblioteca Pública Acacias - Carlos María Hernández Rojas Biblioteca Pública Acacias - Carlos María Hernández Rojas General 06/13/2025   363.613 C17i ACA02638 06/13/2025 Ej.1 06/13/2025 LIbro
  Dewey Decimal Classification     Colección General Biblioteca Pública Barranca de Upia - María Dolores Herrera Biblioteca Pública Barranca de Upia - María Dolores Herrera General 11/09/2023   363.613 C17i BUP01391 11/09/2023 Ej.1 11/09/2023 LIbro
  Dewey Decimal Classification     Colección General Biblioteca Pública Mapiripan Biblioteca Pública Mapiripan General 11/01/2023   363.813 C17l MAP0000417 11/01/2023 Ej.1 11/01/2023 LIbro
  Clasificación Local Facetada     Colección General Biblioteca Pública Puerto Concordia Biblioteca Pública Puerto Concordia General 02/06/2026   363.613 C17i PCON00803 02/06/2026 Ej.1 02/06/2026 LIbro
  Dewey Decimal Classification     Colección General Biblioteca Pública Puerto Rico Biblioteca Pública Puerto Rico General 01/24/2023   363.613 C17i PR00000325 01/24/2023 Ej.1 01/24/2023 LIbro
  Dewey Decimal Classification     Colección General Biblioteca Pública Uribe - Reinerio Arenas Biblioteca Pública Uribe - Reinerio Arenas General 07/19/2024   363.613 C17i URI00426 07/19/2024 Ej.1 07/19/2024 LIbro









Instituto Departamental de Cultura del Meta - Red Departamental de Bibliotecas Públicas del Meta.